ブロスタに実在するキャラクター - Statistics

General Stats
  • This quiz has been taken 211 times
  • The average score is 16 of 60
Answers on the Grid
Answers color-coded by a green-red scale on the quiz's grid according to % correct below.
シェリー
ニタ
コルト
ブル
ブロリー
ポコ
バーリー
エルプリモ
ローサ
ジェーシー
ダイナマイト
ティック
8ビット
リコ
タル
ベニー
カール
ジャッキー
ガス
ボー
Enz
ストゥー
エリザベス
ハム
フランケン
ビビ
ビー
ナニー
エドガー
グリフ
クロム
ボニー
ゲイル
コレット
ベル
キャッシュ
ローランド
サム
マンディ
メイジー
パンク
パーリー
ラリー&ローリー
アンジェロ
ベリー
シェイド
ミープル
モーティス
タラ
ジニー
MAX
ミスP
スプライト
バイロン
スクウィーク
ルー
ラフス大佐
バス
ファング
イブ
ジャネット
オーディン
バズター
グレイ
R-T
ウィロー
タグ
チェック
チャーリー
ミコ
メロディー
リリ
クランシー
モー
ジョジョ
オーリー
ルル
フィンクス
ジョヨン
スパイク
クロウ
レオン
サンデイ
アンバー
メグ
サージ
チェストー
コーデリアス
キット
ドラコ
ケンタ
ガセ
 
Answer Stats
Answer % Correct
シェリー
91%
ニタ
88%
コルト
85%
ブル
85%
バーリー
84%
ポコ
82%
エルプリモ
82%
ローサ
64%
ティック
52%
8ビット
40%
リコ
39%
カール
37%
ジャッキー
36%
ガス
36%
ストゥー
33%
エリザベス
33%
フランケン
31%
ビー
31%
ビビ
30%
エドガー
25%
グリフ
25%
ボニー
25%
アンジェロ
22%
メイジー
21%
ラリー&ローリー
21%
ゲイル
19%
コレット
19%
サム
19%
モーティス
19%
ベル
18%
ベリー
18%
シェイド
18%
ミープル
18%
MAX
16%
マンディ
15%
タラ
15%
バイロン
10%
ルー
10%
スパイク
10%
キット
10%
スクウィーク
9%
オーリー
9%
クロウ
9%
レオン
9%
メグ
9%
サージ
9%
コーデリアス
9%
ドラコ
9%
ファング
7%
フィンクス
7%
アンバー
7%
ジャネット
6%
グレイ
6%
ウィロー
4%
チャーリー
4%
ミコ
4%
メロディー
4%
クランシー
4%
モー
4%
R-T
4%
No matching quizzes found
Score Distribution
Percent of People with Each Score
Percentile by Number Answered
Your Score History
You have not taken this quiz